| 000 | 00752npc a2200217Ia 4500 | ||
|---|---|---|---|
| 001 | dg42-2250 [d000002364] | ||
| 003 | IT-MiCISF | ||
| 008 | 161014s9999||||xx | und|| | ||
| 040 |
_aIT-MiCISF _cIT-MiCISF |
||
| 041 | _aen | ||
| 100 | _aAA.VV. | ||
| 240 | _aHow Many People Can the Earth Sustain? | ||
| 245 | 0 |
_aHow Many People Can the Earth Sustain? _bEthical Reflections on the Growth of the World Population |
|
| 250 | _a1a ed. | ||
| 260 |
_a Hannover _bEvangelical Church in Germany _c1994 |
||
| 300 | _app. 66 | ||
| 500 | _aEKD Advisory Commission for Development Affairs / popolazione, etica, pianificazione-familiare, religione, contraccezione, chiesa / | ||
| 650 | _apopolazione | ||
| 942 | _cDD | ||
| 957 | _71 | ||
| 999 |
_a2250 _bsi _g1 _c207516 _d207516 |
||